Pays de la Coupe du monde 2026 - Statistiques

Statistiques générales
  • Ce quiz a été pris 231 fois
    11 depuis la dernière actualisation
  • Le résultat moyen est 38 sur 48
Statistiques - réponses
Équipe % Correct
Allemagne
100%
Afrique du Sud
86%
Algérie
86%
Angleterre
86%
Argentine
86%
Australie
86%
Belgique
86%
Bosnie-Herzégovine
86%
Brésil
86%
Canada
86%
Cap-Vert
86%
Corée du Sud
86%
Côte d'Ivoire
86%
Curaçao
86%
Écosse
86%
Égypte
86%
Espagne
86%
États-Unis
86%
France
86%
Haïti
86%
Japon
86%
Maroc
86%
Mexique
86%
Norvège
86%
Nouvelle-Zélande
86%
Pays-Bas
86%
Portugal
86%
Suède
86%
Uruguay
86%
Arabie Saoudite
71%
Colombie
71%
Croatie
71%
Équateur
71%
Ghana
71%
Irak
71%
Iran
71%
Jordanie
71%
Ouzbékistan
71%
Paraguay
71%
République Démocratique du Congo
71%
République Tchèque
71%
Sénégal
71%
Suisse
71%
Turquie
71%
Autriche
57%
Panama
57%
Qatar
57%
Tunisie
57%
Aucun quiz correspondant
Distribution des résultats
% des personnes avec chaque résultat
Percentile par nombre de réponses
Votre historique - résultats
Vous n’avez pas pris ce quiz depuis la dernière actualisation